13_東京都の市区町村(ひらがな対応・五十音順) - Statistics

General Stats
  • This quiz has been taken 136 times
  • The average score is 52 of 62
Answer Stats
種類 市町村名 % Correct
特別区 葛飾区
98%
特別区 新宿区
97%
特別区 足立区
95%
特別区 荒川区
95%
特別区 品川区
95%
特別区 渋谷区
95%
特別区 中野区
95%
特別区 大田区
94%
特別区 目黒区
94%
特別区 板橋区
93%
特別区 江戸川区
93%
特別区 北区
93%
特別区 江東区
93%
特別区 墨田区
93%
特別区 世田谷区
93%
特別区 文京区
93%
特別区 杉並区
92%
立川市
92%
特別区 中央区
92%
特別区 千代田区
92%
特別区 豊島区
92%
利島村
92%
特別区 港区
92%
特別区 練馬区
91%
八王子市
91%
奥多摩町
90%
特別区 台東区
90%
多摩市
90%
日野市
90%
青ヶ島村
88%
東村山市
88%
あきる野市
87%
小笠原村
87%
昭島市
85%
西東京市
85%
町田市
85%
三鷹市
85%
武蔵野市
83%
青梅市
81%
国分寺市
81%
府中市
81%
武蔵村山市
81%
国立市
80%
調布市
80%
八丈町
80%
檜原村
80%
東久留米市
79%
大島町
78%
稲城市
77%
狛江市
76%
清瀬市
74%
小平市
74%
福生市
73%
東大和市
72%
小金井市
71%
羽村市
70%
日の出町
70%
瑞穂町
69%
三宅村
65%
神津島村
62%
御蔵島村
62%
新島村
57%
No matching quizzes found
Score Distribution
Percent of People with Each Score
Percentile by Number Answered
Your Score History
You have not taken this quiz